Auswirkungen der Richtlinie zur Gleichbehandlung ohne Unterschied der Rasse Ansichten der Gewerkschaften und Arbeitgeber in der Europaischen Union Zusammenfassung

সংরক্ষণ করুন:
গ্রন্থ-পঞ্জীর বিবরন
সংস্থা লেখক: European Union Agency for Fundamental Rights (FRA)
বিন্যাস: গ্রন্থ
ভাষা:ইংরেজি
প্রকাশিত: Lussemburgo European Union Agency for Fundamental Rights (FRA) 2010
ট্যাগগুলো: ট্যাগ যুক্ত করুন
কোনো ট্যাগ নেই, প্রথমজন হিসাবে ট্যাগ করুন!

MARC

LEADER 00000nam a2200000 4500
005 20240605192942.0
008 240605b |||||||| |||| 00| 0 eng d
020 |a 9789291925148 
040 |c GP 
110 |a European Union Agency for Fundamental Rights (FRA) 
245 |a Auswirkungen der Richtlinie zur Gleichbehandlung ohne Unterschied der Rasse  |b Ansichten der Gewerkschaften und Arbeitgeber in der Europaischen Union Zusammenfassung 
260 |a Lussemburgo  |b European Union Agency for Fundamental Rights (FRA)  |c 2010 
942 |2 ddc  |c BK  |n 0 
952 |0 0  |1 0  |2 ddc  |4 0  |6 361_370000000000000_FRA  |7 1  |9 1373  |a RM  |b RM  |d 2024-06-05  |l 0  |o 361.370 FRA  |p 210  |r 2024-06-05 19:30:11  |w 2024-06-05  |y BK 
999 |c 1263  |d 1263